[Event "Tabor op"]
[Site "Tabor"]
[Date "2013.08.02"]
[Round "7"]
[White "Rybin, Jan"]
[Black "Rychtecky, Pavel"]
[Result "1/2-1/2"]
[WhiteElo "1543"]
[BlackElo "1741"]
[PlyCount "48"]
[EventDate "2013.07.28"]
[EventType "swiss"]
[EventRounds "9"]
[EventCountry "CZE"]
[SourceTitle "CBM 155 Extra"]
[Source "ChessBase"]
[SourceDate "2013.08.26"]
[SourceVersion "1"]
[SourceVersionDate "2013.08.26"]
[SourceQuality "1"]

1. d4 Nf6 2. c4 e6 3. Bg5 d5 4. Nc3 c6 5. e3 Nbd7 6. Bd3 dxc4 7. Bxc4 Be7 8. Nf3 0-0 9. 0-0 b6 10. Rc1 Bb7 11. Qe2 Nd5 12. Bxe7 Qxe7 13. Nxd5 exd5 14. Ba6 Nf6 15. Bxb7 Qxb7 16. Rc2 Rac8 17. Rfc1 Ne4 18. b4 Nd6 19. Ne5 f6 20. Nf3 Rfe8 21. a4 a6 22. Nd2 Re7 23. Qd3 Rec7 24. Qb3 Kf8 1/2-1/2

[Event "Tabor op"]
[Site "Tabor"]
[Date "2013.08.01"]
[Round "6"]
[White "Svanda, Petr"]
[Black "Rybin, Jan"]
[Result "0-1"]
[WhiteElo "1250"]
[BlackElo "1543"]
[PlyCount "42"]
[EventDate "2013.07.28"]
[EventType "swiss"]
[EventRounds "9"]
[EventCountry "CZE"]
[SourceTitle "CBM 155 Extra"]
[Source "ChessBase"]
[SourceDate "2013.08.26"]
[SourceVersion "1"]
[SourceVersionDate "2013.08.26"]
[SourceQuality "1"]

1. e4 e5 2. Nf3 Nf6 3. Nc3 Bb4 4. d3 d6 5. Be2 Nc6 6. 0-0 Bxc3 7. bxc3 Bg4 8. Rb1 b6 9. Bg5 h6 10. Be3 0-0 11. Qd2 Re8 12. Nh4 Bxe2 13. Qxe2 Nxe4 14. Bxh6 Qxh4 15. g3 Nxc3 16. gxh4 Nxe2+ 17. Kh1 gxh6 18. Rbe1 Nc3 19. Rg1+ Kh7 20. a3 Rg8 21. Rg7+ Kxg7 0-1

[Event "Tabor op"]
[Site "Tabor"]
[Date "2013.07.29"]
[Round "2"]
[White "Lansky, Petr"]
[Black "Rybin, Jan"]
[Result "1/2-1/2"]
[WhiteElo "1813"]
[BlackElo "1543"]
[PlyCount "116"]
[EventDate "2013.07.28"]
[EventType "swiss"]
[EventRounds "9"]
[EventCountry "CZE"]
[SourceTitle "CBM 155 Extra"]
[Source "ChessBase"]
[SourceDate "2013.08.26"]
[SourceVersion "1"]
[SourceVersionDate "2013.08.26"]
[SourceQuality "1"]

1. Nf3 d5 2. b3 Nf6 3. Bb2 Nc6 4. e3 Bg4 5. Bb5 e6 6. 0-0 Bd6 7. d3 0-0 8. Bxc6 bxc6 9. Nbd2 Re8 10. e4 Bf4 11. h3 Bxd2 12. hxg4 Bb4 13. g5 Nd7 14. e5 Be7 15. Qd2 c5 16. Qf4 Rb8 17. d4 cxd4 18. Bxd4 c5 19. Be3 Nb6 20. Bd2 Qc7 21. Qg3 c4 22. Rac1 Bc5 23. Kh2 Ba3 24. Rce1 Nd7 25. Rh1 Red8 26. Kg1 Nf8 27. Qh3 cxb3 28. cxb3 Bb4 29. g6 fxg6 30. Bxb4 Rxb4 31. Ng5 h6 32. Nxe6 Nxe6 33. Qxe6+ Kh7 34. Rh3 Qd7 35. Qa6 Rb6 36. Qd3 Qe6 37. Qd4 Rb7 38. Rc3 Re7 39. Rc5 h5 40. f4 Rf7 41. Re3 Kh6 42. Rec3 Qg4 43. Rf3 Qe6 44. b4 Qb6 45. Kh2 Qe6 46. Qd2 Kh7 47. Qc2 Qg4 48. Qd2 Qe6 49. Qd4 Qb6 50. a4 a6 51. Qc3 Qb7 52. Rc6 Rb8 53. Qc2 Rf5 54. Rg3 Qf7 55. Rxa6 Rxb4 56. Qc6 Rfxf4 57. Qc2 Rg4 58. Rxg4 Rxg4 1/2-1/2

[Event "Tabor op"]
[Site "Tabor"]
[Date "2013.07.29"]
[Round "3"]
[White "Rybin, Jan"]
[Black "Vorsilka, Jiri"]
[Result "0-1"]
[WhiteElo "1543"]
[BlackElo "1688"]
[PlyCount "74"]
[EventDate "2013.07.28"]
[EventType "swiss"]
[EventRounds "9"]
[EventCountry "CZE"]
[SourceTitle "CBM 155 Extra"]
[Source "ChessBase"]
[SourceDate "2013.08.26"]
[SourceVersion "1"]
[SourceVersionDate "2013.08.26"]
[SourceQuality "1"]

1. d4 Nf6 2. c4 g6 3. Nc3 d5 4. e3 Bg7 5. Nf3 0-0 6. Bd2 Nc6 7. cxd5 Nxd5 8. Bc4 Nxc3 9. Bxc3 Bg4 10. h3 Bxf3 11. Qxf3 e5 12. dxe5 Bxe5 13. Bxe5 Nxe5 14. Qe2 c5 15. 0-0 Qa5 16. Rfd1 Rfd8 17. Bb3 b5 18. a3 c4 19. Bc2 Qc7 20. Rxd8+ Rxd8 21. Rd1 a5 22. Kf1 b4 23. axb4 axb4 24. Rxd8+ Qxd8 25. f4 Nd3 26. Qd2 Qd5 27. Bxd3 cxd3 28. Ke1 Qc4 29. Qd1 b3 30. Qd2 Qc2 31. Qd1 Qxg2 32. Qxd3 Qxb2 33. Kd1 Qa1+ 34. Kd2 b2 35. Qd8+ Kg7 36. Qd4+ Kh6 37. f5 b1Q 0-1

[Event "Nachod op"]
[Site "Nachod"]
[Date "2012.06.30"]
[Round "1"]
[White "Hronik, Petr"]
[Black "Rybin, Jan"]
[Result "1-0"]
[WhiteElo "1955"]
[BlackElo "1393"]
[PlyCount "73"]
[EventDate "2012.06.30"]
[EventType "swiss"]
[EventRounds "9"]
[EventCountry "CZE"]
[SourceTitle "CBM 149 Extra"]
[Source "ChessBase"]
[SourceDate "2012.08.24"]
[SourceVersion "1"]
[SourceVersionDate "2012.08.24"]
[SourceQuality "1"]

1. Nf3 Nf6 2. d4 d5 3. Bf4 Nc6 4. e3 Bg4 5. h3 Bxf3 6. Qxf3 e6 7. c3 Bd6 8. Nd2 Bxf4 9. Qxf4 0-0 10. Bd3 Re8 11. Nf3 h6 12. g4 Qd6 13. Ne5 Re7 14. Qg3 Nd7 15. f4 Ncxe5 16. fxe5 Qb6 17. 0-0-0 f6 18. exf6 Nxf6 19. g5 hxg5 20. Qxg5 Rf8 21. Rdf1 Qd6 22. Rhg1 c5 23. Rxf6 Rxf6 24. Qxf6 cxd4 25. exd4 Rf7 26. Qg5 b6 27. Qg3 Qf8 28. Qg6 Qd6 29. Qh7+ Kf8 30. Qh8+ Ke7 31. Rxg7 Rxg7 32. Qxg7+ Kd8 33. Qe5 Qd7 34. h4 Kc8 35. h5 Qe7 36. h6 Qh4 37. h7 1-0